Normal view
MARC view
Entry Nombre personal
001 - NÚMERO DE CONTROL
- campo de control: 1151
003 - IDENTIFICADOR DE NÚMERO DE CONTROL
- campo de control: DLC
005 - FECHA Y HORA DE LA ÚLTIMA TRANSACCIÓN
- campo de control: 20260429085402.0
008 - ELEMENTOS DE DATO DE LONGITUD-FIJA
- campo de control de longitud fija: 800501n| acannaabn |b aaa
010 ## - NÚMERO DE CONTROL DE LA BIBLIOTECA DEL CONGRESO
- Número de control de LC: n 50020378
035 ## - NÚMERO DE CONTROL DEL SISTEMA
- Número de control de sistema: (OCoLC)oca00055807
040 ## - FUENTE DE CATALOGACIÓN
- Centro catalogador/agencia de origen: DLC
- Lengua de catalogación: eng
- Centro/agencia transcriptor: DLC
- Centro/agencia modificador: CU
- Centro/agencia modificador: OCoLC
- Centro/agencia modificador: IaU
100 1# - ENCABEZAMIENTO-NOMBRE DE PERSONA
- Nombre de persona: Schafer, Edward H.
400 1# - TRAZADO DE VÉASE--NOMBRE DE PERSONA
- Nombre de persona: シエフアーエドワード H.
400 1# - TRAZADO DE VÉASE--NOMBRE DE PERSONA
- Nombre de persona: 薛爱华
400 1# - TRAZADO DE VÉASE--NOMBRE DE PERSONA
- Nombre de persona: Xue, Aihua
670 ## - FUENTE DE DATOS ENCONTRADOS
- Cita de la fuente: His The Empire of Min, 1954.
670 ## - FUENTE DE DATOS ENCONTRADOS
- Cita de la fuente: His The divine woman, 1980:
- Información encontrada: CIP t.p. (Edward H. Schafer) CIP data sheet (b. 8/23/13)
670 ## - FUENTE DE DATOS ENCONTRADOS
- Cita de la fuente: UC-Berkeley database, July 26, 2001:
- Información encontrada: (hdg.: Schafer, Edward Hetzel, 1913-1991; usage: Schafer, Edward H.; E.H. Schafer; Edward Hetzel Schafer, Jr.)
670 ## - FUENTE DE DATOS ENCONTRADOS
- Cita de la fuente: Zhu que, 2014:
- Información encontrada: title page (薛爱华 = Xue Aihua) biographical data (original name Edward Hetzel Schafer)